| 000 | 00738cam a22002411a 4500 | ||
|---|---|---|---|
| 001 | he 68003696 | ||
| 003 | DLC | ||
| 005 | 20260227111506.0 | ||
| 008 | 970326s1968 is b 000 0 hebo | ||
| 010 | _ahe 68003696 | ||
| 035 | _a(OCoLC)36635740 | ||
| 040 |
_aDLC _cICU _dNNL _dDLC |
||
| 042 | _apremarc | ||
| 050 | 0 | 0 |
_aBS1712 _b.L5 |
| 130 | 0 |
_aBible. _pApocrypha. _p2 Esdras III-XIV. _lHebrew. _sLicht. _f1968. |
|
| 245 | 1 | 0 |
_aSefer Ḥazon ʻEzra / _ctirgem, piresh ṿe-tsiref mavo Yaʻaḳov Likhṭ. |
| 246 | 3 | 0 | _aḤazon ʻEzra |
| 260 |
_aYerushalayim : _bMosad Biʼaliḳ, _c1968. |
||
| 300 |
_a103 p. ; _c19 cm. |
||
| 440 | 0 |
_aSifriyat "Dorot" ; _v6 |
|
| 504 | _aIncludes bibliographical references. | ||
| 700 | 1 | _aLicht, Jacob. | |
| 999 |
_c33954 _d33954 |
||